[Event "GRE-chT 50th"]
[Site "Nikaia"]
[Date "2023.08.26"]
[Round "3.8"]
[White "Tzovanis, Anastasios Anagnost"]
[Black "Dimakis, Stavros"]
[Result "1/2-1/2"]
[WhiteElo "1886"]
[BlackElo "1968"]
[PlyCount "91"]
[EventDate "2023.08.25"]
[EventType "team"]
[EventRounds "9"]
[EventCountry "GRE"]
[SourceTitle "EXT 2024"]
[Source "ChessBase"]
[SourceDate "2023.10.10"]
[SourceVersion "1"]
[SourceVersionDate "2023.10.10"]
[SourceQuality "1"]
[WhiteTeam "Kalamarias"]
[BlackTeam "Pneemathlon"]
[WhiteTeamCountry "GRE"]
[BlackTeamCountry "GRE"]

1. Nf3 d5 2. g3 c5 3. Bg2 Nc6 4. d4 e6 5. 0-0 Nf6 6. c4 dxc4 7. dxc5 Qxd1 8. Rxd1 Bxc5 9. Nbd2 Ng4 10. Ne4 Bb4 11. Nd4 0-0 12. Nxc6 bxc6 13. h3 Ne5 14. Bf4 Ng6 15. Bd6 Bxd6 16. Nxd6 Rb8 17. Nxc4 Ba6 18. b3 Bxc4 19. bxc4 Rb4 20. c5 Rc8 21. a4 Rc4 22. Rdc1 Rxc1+ 23. Rxc1 Kf8 24. Rd1 Ke7 25. f4 Nf8 26. Kf2 Nd7 27. Rc1 Kd8 28. Ke3 Kc7 29. Kd4 Rb8 30. Bf3 f6 31. Bg4 e5+ 32. Kc4 exf4 33. gxf4 a5 34. Bxd7 Rb4+ 35. Kc3 Kxd7 36. Rg1 g6 37. Rd1+ Kc7 38. Rd4 Rxd4 39. Kxd4 Kd7 40. Ke3 Ke6 41. Ke4 h6 42. h4 f5+ 43. Kd4 Kf6 44. e3 Ke6 45. Kc4 Kf7 46. Kd3 1/2-1/2

[Event "GRE-chT 50th"]
[Site "Nikaia"]
[Date "2023.08.25"]
[Round "1.8"]
[White "Dimakis, Stavros"]
[Black "Trapalis, Theodoros"]
[Result "1-0"]
[WhiteElo "1968"]
[BlackElo "1751"]
[PlyCount "145"]
[EventDate "2023.08.25"]
[EventType "team"]
[EventRounds "9"]
[EventCountry "GRE"]
[SourceTitle "EXT 2024"]
[Source "ChessBase"]
[SourceDate "2023.10.10"]
[SourceVersion "1"]
[SourceVersionDate "2023.10.10"]
[SourceQuality "1"]
[WhiteTeam "Pneemathlon"]
[BlackTeam "Piraikos"]
[WhiteTeamCountry "GRE"]
[BlackTeamCountry "GRE"]

1. e4 c5 2. Nc3 Nc6 3. f4 g6 4. Nf3 Bg7 5. Bb5 e6 6. Bxc6 bxc6 7. 0-0 d5 8. d3 Ne7 9. Qe1 Ba6 10. Rb1 Rb8 11. e5 h5 12. b3 Nf5 13. Qf2 Bf8 14. Ba3 Qa5 15. Na4 d4 16. Bc1 Qd8 17. Bd2 Be7 18. g3 Kf8 19. h4 Kg7 20. Ng5 Qd5 21. Rbe1 Rhf8 22. Ne4 Nh6 23. Qg2 Rbd8 24. Bc1 Bb5 25. Nb2 Nf5 26. Kf2 Rb8 27. Kg1 Rbd8 28. Bd2 Rb8 29. Kh2 Qd8 30. a4 Ba6 31. Rh1 Rh8 32. Kg1 Qd5 33. Kf2 Rb7 34. Qf3 Rbb8 35. Reg1 Rbg8 36. Nc4 Bxc4 37. bxc4 Qd7 38. Rb1 Rb8 39. Rhc1 Rb7 40. Qd1 Rhb8 41. Rxb7 Qxb7 42. Ra1 Qb2 43. Qc1 Kf8 44. Ke2 Ke8 45. Qxb2 Rxb2 46. Kd1 Kd7 47. Kc1 Rb7 48. Ra3 Kc8 49. Rb3 Rb8 50. Kd1 Rb7 51. Bc1 Rxb3 52. cxb3 Kb7 53. Ba3 Kb6 54. Ke2 a5 55. Kf3 Ne3 56. Nd6 Bxd6 57. exd6 Nc2 58. Bxc5+ Kb7 59. Ke4 Na1 60. b4 Nb3 61. d7 Kc7 62. Bb6+ Kxd7 63. bxa5 c5 64. a6 f6 65. Kf3 Kc6 66. a7 Kb7 67. Ke2 e5 68. fxe5 fxe5 69. Kd1 e4 70. dxe4 d3 71. e5 Nd4 72. Bxc5 Ne6 73. Bb6 1-0

[Event "Wch U20 59th"]
[Site "Cala Gonone"]
[Date "2022.10.21"]
[Round "10"]
[White "Javornik, Nik"]
[Black "Dimakis, Stavros"]
[Result "0-1"]
[WhiteElo "2064"]
[BlackElo "1832"]
[PlyCount "72"]
[EventDate "2022.10.12"]
[EventType "swiss"]
[EventRounds "11"]
[EventCountry "ITA"]
[SourceTitle "CBM 210 Extra"]
[Source "ChessBase"]
[SourceDate "2022.11.30"]
[SourceVersion "1"]
[SourceVersionDate "2022.11.30"]
[SourceQuality "1"]

1. e4 e6 2. d4 d5 3. Nc3 Nf6 4. e5 Nfd7 5. f4 c5 6. Nf3 Nc6 7. Be3 a6 8. Qd2 b5 9. Nd1 Qb6 10. c3 a5 11. Be2 Be7 12. 0-0 a4 13. g4 a3 14. b3 b4 15. Rc1 Bb7 16. Kg2 bxc3 17. Nxc3 cxd4 18. Nxd4 Bc5 19. Na4 Rxa4 20. bxa4 Bxd4 21. Bxd4 Qxd4 22. Qxd4 Nxd4 23. Rc7 Nxe2 24. Rxb7 Ke7 25. Kf3 Nc3 26. Rc1 d4 27. Rc2 Rb8 28. Rxb8 Nxb8 29. f5 Nc6 30. Kf4 Nb4 31. Rd2 Nbxa2 32. f6+ gxf6 33. exf6+ Kxf6 34. g5+ Ke7 35. a5 Nb4 36. a6 Nxa6 0-1

[Event "Wch U20 59th"]
[Site "Cala Gonone"]
[Date "2022.10.18"]
[Round "7"]
[White "Urbani, Gabriel"]
[Black "Dimakis, Stavros"]
[Result "0-1"]
[WhiteElo "2129"]
[BlackElo "1832"]
[PlyCount "70"]
[EventDate "2022.10.12"]
[EventType "swiss"]
[EventRounds "11"]
[EventCountry "ITA"]
[SourceTitle "CBM 210 Extra"]
[Source "ChessBase"]
[SourceDate "2022.11.30"]
[SourceVersion "1"]
[SourceVersionDate "2022.11.30"]
[SourceQuality "1"]

1. e4 e5 2. Nf3 Nc6 3. Bb5 a6 4. Bxc6 dxc6 5. 0-0 Bg4 6. h3 h5 7. d3 Bc5 8. hxg4 hxg4 9. Ng5 Qd7 10. d4 0-0-0 11. Nxf7 Qxf7 12. Qxg4+ Kb8 13. dxc5 Nf6 14. Qe2 Rh5 15. f3 Rdh8 16. Kf2 Rh2 17. Ke1 Nh5 18. Qf2 Qg6 19. Rg1 Ng3 20. Nc3 Nh1 21. Qf1 Qg3+ 22. Kd1 Nf2+ 23. Ke2 Nh3 24. Be3 Nxg1+ 25. Bxg1 Rxg2+ 26. Kd3 Rf8 27. Kc4 Rxf3 28. Qd1 Qg4 29. Qd8+ Qc8 30. Qe7 Qg8+ 31. Kb4 Rxc2 32. Qxe5 a5+ 33. Kxa5 Qc4 34. Rb1 Rfxc3 35. bxc3 Rxa2# 0-1

[Event "GRE-ch U20"]
[Site "Trikala"]
[Date "2022.08.31"]
[Round "9"]
[White "Dimakis, Stavros"]
[Black "Krallis, Christos"]
[Result "1-0"]
[WhiteElo "1585"]
[BlackElo "2378"]
[PlyCount "57"]
[EventDate "2022.08.25"]
[EventType "swiss"]
[EventRounds "9"]
[EventCountry "GRE"]
[SourceTitle "CBM 210 Extra"]
[Source "ChessBase"]
[SourceDate "2022.11.30"]
[SourceVersion "1"]
[SourceVersionDate "2022.11.30"]
[SourceQuality "1"]

1. e4 e5 2. Nf3 Qe7 3. Nc3 c6 4. d4 d6 5. Be2 Bg4 6. 0-0 Nf6 7. h3 Bxf3 8. Bxf3 Na6 9. Be3 g6 10. Qd2 Bg7 11. Be2 Nc7 12. f4 exf4 13. Bxf4 Nxe4 14. Nxe4 Qxe4 15. c3 Ne6 16. Bf3 Qf5 17. Bxd6 Qg5 18. Qe2 Qd8 19. Ba3 Qd7 20. Bg4 Kd8 21. Rad1 f5 22. Bf3 Nf4 23. Qf2 Kc8 24. d5 cxd5 25. Bxd5 Be5 26. Qe3 Qc7 27. Rfe1 Nxd5 28. Rxd5 Bf4 29. Qe8+ 1-0

[Event "GRE-ch U20"]
[Site "Trikala"]
[Date "2022.08.29"]
[Round "7"]
[White "Loukopoulos, Panagiotis Athanasi"]
[Black "Dimakis, Stavros"]
[Result "0-1"]
[WhiteElo "2081"]
[BlackElo "1585"]
[PlyCount "54"]
[EventDate "2022.08.25"]
[EventType "swiss"]
[EventRounds "9"]
[EventCountry "GRE"]
[SourceTitle "CBM 210 Extra"]
[Source "ChessBase"]
[SourceDate "2022.11.30"]
[SourceVersion "1"]
[SourceVersionDate "2022.11.30"]
[SourceQuality "1"]

1. e4 c5 2. Nc3 Nc6 3. Bb5 e6 4. Bxc6 bxc6 5. d3 d5 6. f4 Nf6 7. e5 d4 8. Nce2 Nd5 9. Nf3 a5 10. a4 f5 11. exf6 gxf6 12. 0-0 Bd6 13. f5 exf5 14. Nh4 Qc7 15. g3 Rg8 16. Kh1 Be6 17. Qe1 Be5 18. Nf4 Nxf4 19. Bxf4 0-0-0 20. Qf2 Rde8 21. Bd2 f4 22. Bxf4 Bh3 23. Bxe5 fxe5 24. Rfe1 Rgf8 25. Qe2 Rf6 26. Ng2 Ref8 27. Qxe5 Qxe5 0-1

[Event "GRE-ch U16"]
[Site "Thessaloniki"]
[Date "2022.08.24"]
[Round "9"]
[White "Dimakis, Stavros"]
[Black "Tragoudaras, Nikolaos"]
[Result "0-1"]
[WhiteElo "1585"]
[BlackElo "1810"]
[PlyCount "126"]
[EventDate "2022.08.18"]
[EventType "swiss"]
[EventRounds "9"]
[EventCountry "GRE"]
[SourceTitle "EXT 2023"]
[Source "ChessBase"]
[SourceDate "2022.10.05"]
[SourceVersion "1"]
[SourceVersionDate "2022.10.05"]
[SourceQuality "1"]

1. e4 c5 2. Nf3 d6 3. d4 cxd4 4. Nxd4 Nf6 5. Nc3 a6 6. Be3 e5 7. Nb3 Be6 8. f3 h5 9. Qd2 Nbd7 10. 0-0-0 Rc8 11. Kb1 Be7 12. h4 b5 13. Bg5 Qc7 14. g3 Qb7 15. Rh2 0-0 16. Bh3 Rc7 17. Na5 Qa8 18. g4 hxg4 19. Bxg4 Rfc8 20. Nd5 Bxd5 21. exd5 Nxg4 22. fxg4 Bf8 23. h5 Rxc2 24. Qxc2 Rxc2 25. Rxc2 Nc5 26. Nc6 Qc8 27. Rg1 Qd7 28. Be3 Ne4 29. g5 Qh3 30. Bc1 Qxh5 31. Nb8 Nc5 32. Be3 Qf3 33. Bxc5 dxc5 34. Rd2 Bd6 35. Nxa6 Qf5+ 36. Ka1 Qc8 37. Rf1 Qxa6 38. Rdf2 Qb7 39. Rh1 Qxd5 40. Rfh2 Kf8 41. g6 fxg6 42. Rf1+ Ke7 43. Rh7 Qg8 44. Rh3 Qc4 45. Re1 b4 46. Rg3 Qc2 47. Rge3 c4 48. R3e2 Qd3 49. Re3 Qd2 50. R3e2 Qf4 51. Re4 Qd2 52. R4e2 Qd5 53. Kb1 c3 54. b3 Qd3+ 55. Rc2 e4 56. a4 bxa3 57. Ree2 g5 58. Ka2 g4 59. Rg2 g3 60. b4 Qc4+ 61. Ka1 Be5 62. Kb1 Qb3+ 63. Ka1 a2 0-1

[Event "GRE-ch U16"]
[Site "Thessaloniki"]
[Date "2022.08.18"]
[Round "1"]
[White "Dimakis, Stavros"]
[Black "Fragkos, Vasileios"]
[Result "0-1"]
[WhiteElo "1585"]
[BlackElo "2064"]
[PlyCount "100"]
[EventDate "2022.08.18"]
[EventType "swiss"]
[EventRounds "9"]
[EventCountry "GRE"]
[SourceTitle "EXT 2023"]
[Source "ChessBase"]
[SourceDate "2022.10.05"]
[SourceVersion "1"]
[SourceVersionDate "2022.10.05"]
[SourceQuality "1"]

1. e4 e5 2. Nf3 Nc6 3. Bb5 a6 4. Ba4 Nf6 5. 0-0 Be7 6. Re1 b5 7. Bb3 d6 8. c3 0-0 9. h3 Na5 10. Bc2 c5 11. d4 Qc7 12. Nbd2 Re8 13. d5 c4 14. Nf1 h6 15. Ng3 Nb7 16. a4 Bd7 17. Be3 Nc5 18. Nh2 Nxa4 19. Bxa4 bxa4 20. Qe2 Kh7 21. f4 exf4 22. Bxf4 Bf8 23. Qf2 Rab8 24. Re2 Ng8 25. Nf3 f6 26. Nd4 g6 27. Nf1 h5 28. g4 hxg4 29. Qh4+ Bh6 30. Bxh6 Nxh6 31. hxg4 g5 32. Qh1 Kg7 33. Ng3 Rh8 34. Rh2 Qa7 35. Kf1 Nxg4 36. Ngf5+ Bxf5 37. Nxf5+ Kg6 38. Ne7+ Qxe7 39. Rxh8 Rxh8 40. Qxh8 Qxe4 41. Qg8+ Kf5 42. Qh7+ Kf4 43. Qxe4+ Kxe4 44. Rxa4 Kxd5 45. b4 cxb3 46. Rxg4 a5 47. Ke2 b2 48. Rg1 Kc4 49. Kd2 Kb3 50. c4 a4 0-1

[Event "GRE-chT 49th"]
[Site "Thessaloniki"]
[Date "2022.08.14"]
[Round "4.9"]
[White "Dimakis, Stavros"]
[Black "Tsakonas, Konstantinos"]
[Result "1-0"]
[WhiteElo "1585"]
[BlackElo "1741"]
[PlyCount "101"]
[EventDate "2022.08.12"]
[EventType "team-swiss"]
[EventRounds "7"]
[EventCountry "GRE"]
[SourceTitle "CBM 209 Extra"]
[Source "ChessBase"]
[SourceDate "2022.09.30"]
[SourceVersion "1"]
[SourceVersionDate "2022.09.30"]
[SourceQuality "1"]
[WhiteTeam "Pneemathlon"]
[BlackTeam "Thessaloniki Sach"]
[WhiteTeamCountry "GRE"]
[BlackTeamCountry "GRE"]

1. e4 e6 2. d4 d5 3. Nc3 Nf6 4. e5 Nfd7 5. f4 c5 6. Nf3 Nc6 7. Be3 a6 8. Ne2 Qb6 9. Qc1 cxd4 10. Nexd4 Nxd4 11. Nxd4 Bc5 12. c3 Qc7 13. h4 h5 14. Be2 b5 15. Qd1 g6 16. g4 hxg4 17. Bd3 Nf8 18. Qxg4 Bd7 19. Kf2 Qb6 20. b4 Bxd4 21. Bxd4 Qb7 22. h5 Rxh5 23. Rxh5 gxh5 24. Qg5 Bc6 25. Bc5 Qd7 26. Rh1 d4 27. Rxh5 f6 28. Qxf6 Qf7 29. Qxf7+ Kxf7 30. cxd4 Bd5 31. a3 Kg8 32. Rg5+ Kf7 33. f5 exf5 34. Rxf5+ Kg7 35. Rxf8 Rxf8+ 36. Bxf8+ Kxf8 37. Ke3 Bb7 38. Be4 Bc8 39. d5 Ke7 40. Kd4 Bd7 41. d6+ Ke8 42. Bb7 Kd8 43. Kd5 Bg4 44. Kc5 Kd7 45. Bd5 Bf5 46. e6+ Bxe6 47. Bxe6+ Kxe6 48. Kc6 Kf7 49. d7 Ke7 50. Kc7 Ke6 51. d8Q 1-0

[Event "GRE-chT 49th"]
[Site "Thessaloniki"]
[Date "2022.08.12"]
[Round "1.6"]
[White "Chalkias, Michail Panagiotis"]
[Black "Dimakis, Stavros"]
[Result "0-1"]
[WhiteElo "1368"]
[BlackElo "1585"]
[PlyCount "108"]
[EventDate "2022.08.12"]
[EventType "team-swiss"]
[EventRounds "7"]
[EventCountry "GRE"]
[SourceTitle "CBM 209 Extra"]
[Source "ChessBase"]
[SourceDate "2022.09.30"]
[SourceVersion "1"]
[SourceVersionDate "2022.09.30"]
[SourceQuality "1"]
[WhiteTeam "Neapolis Sykeon"]
[BlackTeam "Pneemathlon"]
[WhiteTeamCountry "GRE"]
[BlackTeamCountry "GRE"]

1. d4 e6 2. c4 Nf6 3. Nf3 d5 4. g3 dxc4 5. Bg2 a6 6. 0-0 Nc6 7. e3 Rb8 8. Nfd2 e5 9. Nxc4 exd4 10. Bxc6+ bxc6 11. Qxd4 Qxd4 12. exd4 Bd6 13. Nxd6+ cxd6 14. Re1+ Be6 15. b3 Kd7 16. Ba3 Rhe8 17. Nd2 Bd5 18. f3 g5 19. g4 h5 20. h3 hxg4 21. hxg4 Rh8 22. Bc1 Rh3 23. Ne4 Bxe4 24. fxe4 Rg3+ 25. Kf2 Rxg4 26. e5 Nd5 27. Kf3 Rxd4 28. exd6 g4+ 29. Kg3 f5 30. Ba3 Rg8 31. Rh1 f4+ 32. Kf2 Rg7 33. Rae1 Rd2+ 34. Re2 g3+ 35. Ke1 g2 36. Rg1 Rxe2+ 37. Kxe2 Rg3 38. Kf2 Ne3 39. Bc5 Ng4+ 40. Ke1 Ne5 41. Ke2 Rh3 42. Kf2 Nd3+ 43. Kxg2 Rg3+ 44. Kh2 Nxc5 45. Rxg3 fxg3+ 46. Kxg3 Nd3 47. a3 Kxd6 48. Kf3 Nc1 49. b4 Kd5 50. Ke3 Kc4 51. Ke4 Nd3 52. Ke3 Nb2 53. Ke4 Kb3 54. Kd4 Na4 0-1

[Event "GRE-ch U20"]
[Site "Trikala"]
[Date "2021.08.24"]
[Round "2"]
[White "Dimakis, Stavros"]
[Black "Tsarsitalidis, Konstantinos"]
[Result "0-1"]
[WhiteElo "1597"]
[BlackElo "1962"]
[PlyCount "112"]
[EventDate "2021.08.23"]
[EventType "swiss"]
[EventRounds "9"]
[EventCountry "GRE"]
[SourceTitle "EXT 2022"]
[Source "ChessBase"]
[SourceDate "2021.10.06"]
[SourceVersion "1"]
[SourceVersionDate "2021.10.06"]
[SourceQuality "1"]

1. e4 c5 2. Nf3 d6 3. d4 cxd4 4. Nxd4 Nf6 5. f3 e5 6. Nb3 d5 7. Bg5 Be6 8. exd5 Qxd5 9. Nc3 Bb4 10. Bxf6 Qxd1+ 11. Rxd1 gxf6 12. Kf2 Bxc3 13. bxc3 Nd7 14. Bb5 Rc8 15. c4 Ke7 16. Rd2 Nc5 17. Rhd1 a6 18. Nxc5 Rxc5 19. Bd7 Rd8 20. Bxe6 Rxd2+ 21. Rxd2 Kxe6 22. c3 Rxc4 23. Rc2 b5 24. a3 a5 25. Ke3 Ra4 26. Rb2 Rxa3 27. Kd2 b4 28. cxb4 axb4 29. g4 Rxf3 30. Rxb4 Rf2+ 31. Ke3 Rxh2 32. Rb6+ Ke7 33. Kf3 h5 34. Kg3 Rh1 35. Rb7+ Kf8 36. Rb8+ Kg7 37. gxh5 Rxh5 38. Re8 Rh1 39. Kg4 Rg1+ 40. Kf5 Rg5+ 41. Ke4 Rg4+ 42. Kf3 Ra4 43. Ke3 Kg6 44. Re7 Ra5 45. Kf3 f5 46. Ke3 Ra3+ 47. Ke2 f6 48. Re8 f4 49. Kf2 Kf5 50. Rf8 Ra2+ 51. Kf1 e4 52. Rb8 f3 53. Rb3 Kf4 54. Rb4 f5 55. Rb1 Kg3 56. Re1 Rh2 0-1

[Event "GRE-ch U16"]
[Site "Patras"]
[Date "2021.07.08"]
[Round "7"]
[White "Dimakis, Stavros"]
[Black "Tsemeri, Mario"]
[Result "1-0"]
[WhiteElo "1544"]
[BlackElo "1101"]
[PlyCount "95"]
[EventDate "2021.07.02"]
[EventType "swiss"]
[EventRounds "7"]
[EventCountry "GRE"]
[SourceTitle "EXT 2023"]
[Source "ChessBase"]
[SourceDate "2022.10.05"]
[SourceVersion "1"]
[SourceVersionDate "2022.10.05"]
[SourceQuality "1"]

1. e4 c5 2. Nf3 e6 3. d4 cxd4 4. Nxd4 Nc6 5. Nc3 Nf6 6. Be3 Bb4 7. f3 0-0 8. Qd2 d5 9. Nxc6 bxc6 10. a3 Ba5 11. 0-0-0 Bb7 12. Bg5 e5 13. b4 d4 14. bxa5 dxc3 15. Qxc3 Qe7 16. a6 Bc8 17. Be3 Qc7 18. Bc5 Rd8 19. Rxd8+ Qxd8 20. Qxe5 Qa5 21. Qd6 Bxa6 22. Bxa6 Qxa6 23. Rd1 h6 24. e5 Nh7 25. e6 fxe6 26. Qxe6+ Kh8 27. Qf7 Nf6 28. Bf8 Ne8 29. Re1 Rb8 30. Rxe8 Qf1+ 31. Kd2 Qxg2+ 32. Kc3 Rxe8 33. Qxe8 Qxf3+ 34. Kb2 Kh7 35. Qe7 Qf6+ 36. Qxf6 gxf6 37. Bc5 a6 38. Kb3 f5 39. Kb4 f4 40. Ka5 Kg6 41. Kxa6 Kh5 42. Kb6 Kg4 43. a4 Kh3 44. a5 Kxh2 45. a6 h5 46. a7 h4 47. a8Q h3 48. Qg8 1-0

[Event "GRE-ch U16"]
[Site "Patras"]
[Date "2021.07.04"]
[Round "3"]
[White "Nasos, Valerios"]
[Black "Dimakis, Stavros"]
[Result "0-1"]
[WhiteElo "1738"]
[BlackElo "1544"]
[PlyCount "105"]
[EventDate "2021.07.02"]
[EventType "swiss"]
[EventRounds "7"]
[EventCountry "GRE"]
[SourceTitle "EXT 2023"]
[Source "ChessBase"]
[SourceDate "2022.10.05"]
[SourceVersion "1"]
[SourceVersionDate "2022.10.05"]
[SourceQuality "1"]

1. e4 e6 2. d4 d5 3. e5 c5 4. c3 Nc6 5. Nf3 Bd7 6. Be2 Nge7 7. Bd3 cxd4 8. cxd4 Qb6 9. Bc2 Nb4 10. 0-0 Nxc2 11. Qxc2 Rc8 12. Nc3 Nf5 13. Qd1 Bb4 14. Ne2 Bb5 15. Bd2 Bxd2 16. Qxd2 Bxe2 17. Qxe2 Nxd4 18. Nxd4 Qxd4 19. Qb5+ Rc6 20. Qxb7 Qc5 21. b4 Rc7 22. Qa8+ Rc8 23. bxc5 Rxa8 24. c6 Ke7 25. Rfc1 Rhc8 26. Rc5 Rab8 27. Rac1 Rc7 28. f4 Rb4 29. g3 f6 30. Kf2 g5 31. a3 Ra4 32. exf6+ Kxf6 33. fxg5+ Kxg5 34. R1c3 Kf5 35. h4 Ke5 36. Kf3 Kd4 37. Rc1 Rxa3+ 38. Kg4 h5+ 39. Kxh5 Rxg3 40. Kh6 Rc8 41. Kh7 Rc7+ 42. Kh6 e5 43. Rb5 Rc3 44. Rxd5+ Kxd5 45. Rxc3 Kd4 46. Rc1 e4 47. Kg5 e3 48. Kf4 Rf7+ 49. Kg3 e2 50. c7 Rxc7 51. Rxc7 e1Q+ 52. Kg4 Qe4+ 53. Kh3 0-1

[Event "GRE-chT Online Rapid op 1st"]
[Site "Tornelo INT"]
[Date "2021.02.21"]
[Round "9.21"]
[White "Boviatsis, Charalampos"]
[Black "Dimakis, Stavros"]
[Result "0-1"]
[WhiteElo "1981"]
[BlackElo "1544"]
[PlyCount "80"]
[EventDate "2021.02.20"]
[EventType "team-swiss (rapid)"]
[EventRounds "9"]
[EventCountry "GRE"]
[SourceTitle "EXT 2023"]
[Source "ChessBase"]
[SourceDate "2022.10.05"]
[SourceVersion "1"]
[SourceVersionDate "2022.10.05"]
[SourceQuality "1"]

1. c4 c5 2. g3 Nc6 3. Bg2 g6 4. e3 Bg7 5. Ne2 e6 6. Nbc3 Nge7 7. d4 cxd4 8. exd4 d5 9. cxd5 Nxd5 10. 0-0 0-0 11. Be3 Re8 12. Rc1 a6 13. Na4 Nce7 14. Qb3 Bd7 15. Nc5 Bb5 16. Rfe1 b6 17. Ne4 Qd7 18. N4c3 Bc6 19. Ne4 a5 20. a3 a4 21. Qd1 Nxe3 22. fxe3 Qb7 23. Nd6 Qd7 24. Nxe8 Qxe8 25. Bxc6 Nxc6 26. Nc3 Ne7 27. Qf3 Nf5 28. Ne4 Qd8 29. Re2 Bh6 30. Nf2 Nxd4 31. exd4 Bxc1 32. Qc3 Rc8 33. Qb4 Bh6 34. Qxa4 Rc1+ 35. Kg2 Qd5+ 36. Re4 Re1 37. Qc2 f5 38. Qc8+ Bf8 39. h3 fxe4 40. Ng4 e3+ 0-1

[Event "GRE-ch North U08/14"]
[Site "Thessaloniki"]
[Date "2020.09.01"]
[Round "9"]
[White "Anagnostopoulos, Vasileios NA"]
[Black "Dimakis, Stavros"]
[Result "0-1"]
[WhiteElo "1297"]
[BlackElo "1517"]
[PlyCount "52"]
[EventDate "2020.08.26"]
[EventType "swiss"]
[EventRounds "9"]
[EventCountry "GRE"]
[SourceTitle "EXT 2023"]
[Source "ChessBase"]
[SourceDate "2022.10.05"]
[SourceVersion "1"]
[SourceVersionDate "2022.10.05"]
[SourceQuality "1"]

1. c4 Nf6 2. Nc3 e6 3. d4 Bb4 4. Nf3 0-0 5. Bg5 h6 6. Bh4 c5 7. Qc2 g5 8. Bg3 g4 9. Bd6 gxf3 10. Bxf8 Qxf8 11. gxf3 cxd4 12. a3 Ba5 13. b4 Bxb4 14. axb4 Qxb4 15. Rc1 Qxc3+ 16. Qxc3 dxc3 17. Rxc3 Nc6 18. Rg1+ Kf8 19. e4 d5 20. cxd5 exd5 21. Bb5 d4 22. Rc5 Be6 23. Ba6 Nb4 24. Bxb7 Rb8 25. Rb5 Nc2+ 26. Kd1 Na3 0-1

[Event "GRE-ch North U08/14"]
[Site "Thessaloniki"]
[Date "2020.08.30"]
[Round "7"]
[White "Sioulas, Stylianos"]
[Black "Dimakis, Stavros"]
[Result "1/2-1/2"]
[WhiteElo "1277"]
[BlackElo "1517"]
[PlyCount "106"]
[EventDate "2020.08.26"]
[EventType "swiss"]
[EventRounds "9"]
[EventCountry "GRE"]
[SourceTitle "EXT 2023"]
[Source "ChessBase"]
[SourceDate "2022.10.05"]
[SourceVersion "1"]
[SourceVersionDate "2022.10.05"]
[SourceQuality "1"]

1. e4 e6 2. d4 d5 3. exd5 exd5 4. Bd3 Bd6 5. c3 Nc6 6. h3 Nge7 7. Nf3 0-0 8. Qc2 h6 9. 0-0 Be6 10. Be3 Qd7 11. Re1 Bf5 12. Bxf5 Nxf5 13. Nbd2 Rfe8 14. Nf1 b5 15. b4 a5 16. a3 a4 17. Bd2 Nfe7 18. Ne3 Na7 19. Re2 Nac8 20. Ne1 Nf5 21. Nd3 Nb6 22. Rae1 Nxe3 23. Bxe3 Nc4 24. Bc1 Rxe2 25. Qxe2 Kf8 26. Qf3 Re8 27. Rxe8+ Kxe8 28. Kf1 Qe6 29. Qe2 Qxe2+ 30. Kxe2 Ke7 31. Ne1 Ke6 32. Nc2 c6 33. Kf3 f5 34. Ne3 g5 35. Nxc4 dxc4 36. Ke2 f4 37. f3 Kf5 38. Bd2 h5 39. Be1 Be7 40. Bf2 Bf6 41. Be1 Ke6 42. Bf2 Kf5 43. Be1 g4 44. Bf2 g3 45. Be1 Be7 46. Bd2 Ke6 47. Bxf4 h4 48. Be5 Kf5 49. Ke3 Bg5+ 50. f4 Bd8 51. Bd6 Bf6 52. Bc7 Be7 53. Be5 Bd8 1/2-1/2

[Event "GRE-ch North U08/14"]
[Site "Thessaloniki"]
[Date "2020.08.27"]
[Round "3"]
[White "Karamichos, Michail"]
[Black "Dimakis, Stavros"]
[Result "0-1"]
[WhiteElo "1686"]
[BlackElo "1517"]
[PlyCount "75"]
[EventDate "2020.08.26"]
[EventType "swiss"]
[EventRounds "9"]
[EventCountry "GRE"]
[SourceTitle "EXT 2023"]
[Source "ChessBase"]
[SourceDate "2022.10.05"]
[SourceVersion "1"]
[SourceVersionDate "2022.10.05"]
[SourceQuality "1"]

1. Nf3 c5 2. c4 Nc6 3. g3 g6 4. Bg2 Bg7 5. 0-0 e6 6. Nc3 Nge7 7. b3 0-0 8. Bb2 d6 9. Qc2 a6 10. a3 Rb8 11. e3 b5 12. cxb5 axb5 13. Ne2 e5 14. d4 exd4 15. exd4 c4 16. Nf4 d5 17. b4 Bf5 18. Qd2 Be4 19. Ne5 Bxg2 20. Kxg2 Nxe5 21. dxe5 Qc7 22. Rfe1 Rfd8 23. Qe3 d4 24. Qe4 Qc6 25. Rad1 Bxe5 26. Nh3 Qxe4+ 27. Rxe4 Nc6 28. f4 Bg7 29. Nf2 d3 30. Bxg7 Kxg7 31. f5 Ra8 32. f6+ Kxf6 33. h4 Kg7 34. h5 Ra7 35. a4 Rxa4 36. Ng4 Ra3 37. Ne3 gxh5 38. Nf5+ 0-1

[Event "GRE-ch North U08/14"]
[Site "Thessaloniki"]
[Date "2020.08.26"]
[Round "1"]
[White "Dimakis, Stavros"]
[Black "Leontiadis, Michail"]
[Result "1-0"]
[WhiteElo "1517"]
[BlackElo "1006"]
[PlyCount "111"]
[EventDate "2020.08.26"]
[EventType "swiss"]
[EventRounds "9"]
[EventCountry "GRE"]
[SourceTitle "EXT 2023"]
[Source "ChessBase"]
[SourceDate "2022.10.05"]
[SourceVersion "1"]
[SourceVersionDate "2022.10.05"]
[SourceQuality "1"]

1. e4 Nf6 2. e5 Nd5 3. c4 Nb6 4. d4 d6 5. exd6 cxd6 6. Nc3 g6 7. Nf3 Bg7 8. Be3 0-0 9. Be2 Qc7 10. 0-0 Be6 11. Rc1 Nxc4 12. d5 Nxe3 13. fxe3 Bg4 14. Nb5 Qa5 15. Nc7 Bxb2 16. Rc2 Qxa2 17. Qd2 Na6 18. Rxb2 Qxb2 19. Qxb2 Nxc7 20. Qxb7 Rfc8 21. Rc1 Rab8 22. Qxa7 Nxd5 23. Rxc8+ Rxc8 24. Qd4 Be6 25. Ng5 Rc1+ 26. Kf2 Rc2 27. Nxe6 fxe6 28. Qe4 Rxe2+ 29. Kf1 Rxe3 30. Qd4 h5 31. Kf2 g5 32. h3 Ra3 33. Qe4 Nf4 34. g3 d5 35. Qc2 Nxh3+ 36. Kg2 Nf4+ 37. gxf4 gxf4 38. Qg6+ Kf8 39. Qxe6 Rg3+ 40. Kf2 Ke8 41. Qxd5 h4 42. Qf5 h3 43. Qxf4 h2 44. Qh4 Ra3 45. Kg2 Ra2+ 46. Kh1 Ra1+ 47. Kxh2 e6 48. Qh8+ Kd7 49. Qxa1 Ke7 50. Kg3 Kd6 51. Kf4 Ke7 52. Ke5 Kf7 53. Qg1 Ke7 54. Qg7+ Kd8 55. Kd6 e5 56. Qg8# 1-0